000 00627nam a2200241Ia 4500
003 OSt
005 20220918231533.0
006 a|||||r|||| 00| 0
007 ta
008 220917b |||||||| |||| 00| 0 eng d
024 _a307,162
037 _cTextual
040 _aARTS
_cARTS
_beng
041 _2eng
_aeng
082 _aO1591,1x, K4
100 _aAnandabardhan
_9154974
245 0 _aDhwanya Loka
260 _c1964
650 _aORIYA LITERATURE
_927692
700 _a Mishra Kulmani Tr.
_9154975
942 _hO1591,1x, K4
_cTEXL
_2CC
999 _c291596
_d291596